Music Quiz

Random Music or Alphabet Quiz

Letters Minefield: Star-Spangled Banner Quiz Stats

 Plays Quiz Updated Jul 5, 2019

Support Sporcle.
Go Orange.
Score 0/18 Timer 01:30
2 Plays Today
% Correct
???
92.6%
???
81.5%
???
80.3%
???
79.7%
???
79.5%
???
79.5%
???
77.2%
???
74.7%
???
74.5%
% Correct
???
73.8%
???
72.9%
???
72.5%
???
72.5%
???
72.3%
???
66.5%
???
64.9%
???
62.8%
???
49.7%

You're not logged in!

Compare scores with friends on all Sporcle quizzes.
OR
Log In
Forgot?

From the Vault

'Friends' Thanksgiving Episodes

by amyevg

Thanksgiving is a time to celebrate the wisdom of Joey Tribbiani.
Remove Ads.
Support Sporcle.
Get the best of Sporcle when you Go Orange. This ad-free experience offers more features, more stats, and more fun while also helping to support Sporcle. Thank you for becoming a member.

Show Comments

Extras

Top Quizzes Today


Score Distribution

Your Account Isn't Verified!

In order to create a playlist on Sporcle, you need to verify the email address you used during registration. Go to your Sporcle Settings to finish the process.

Report this User

Report this user for behavior that violates our Community Guidelines.

Details: